000 01015nam a2200253 i 4500
003 IT-RoINE
005 20220325062542.0
008 060116s2006 gw b |001 | ger d
020 _a3451285630
040 _aIT-RoPUS
_dIT-RoINE
245 0 4 _aDie Dokumente des zweiten Vatikanischen Konzils :
_btheologische Zusammenschau und Perspektiven /
_cvon Guido Bausenhart ... [et al.]
260 _aFreiburg im Breisgau :
_aBasel :
_aWien :
_bHerder,
_c2006.
300 _aXVI, 618 p. ;
_c25 cm.
336 _2rdacontent
_atext
337 _2rdamedia
_aunmediated
338 _2rdacarrier
_avolume
490 1 _aHerders theologischer Kommentar zum Zweiten Vatikanischen Konzil ;
_v5
500 _aIncluye índices.
504 _aIncluye referencias bibliográficas en notas, al final de cada capítulo.
611 2 0 _aConcilio Vaticano
_n(2º.
_d1962-1965)
_93670
700 1 _aBausenhart, Guido,
_934026
_d1952-
830 0 _aHerders theologischer Kommentar zum Zweiten Vatikanischen Konzil ;
_v5
_934007
942 _cMTS
999 _c17040
_d17040